000 00876nam a22002537a 4500
999 _c12657
_d12657
003 MIRAKIL
005 20190204122432.0
008 190204b tu ||||| |||| 00| 0 tur d
020 _a9758454013
040 _aTR-AnCHP
_cTR-AnCHP
041 _atur
082 _a320.092
_bC44k 2000
100 1 _aCılızoğlu, Tanju
245 0 0 _aKader bizi una değil üne itti:
_bÇağlayangil'in anıları, Çağlayangil'le anılar/
_cTanju Cılızoğlu.
246 3 0 _aÇağlayangil'in anıları
246 3 0 _aÇağlayangil'le anılar.
260 _aİstanbul:
_bBüke Yayınları,
_c2000.
300 _a439 s.:
_bfotğ.;
_c21 sm.
440 0 _aBüke Yayınları.
_aYakın Tarihimizden Portreler;
_v2000/2.
504 _aDizin vardır.
600 1 0 _aÇağlayangil, İhsan Sabri,
_d1908-1994.
_xAnılar
650 0 _aSiyasetçiler
_zTürkiye
_95055
_xYaşamöyküsü
942 _2ddc
_cBKS